[Event "Lisbon Christmas op"]
[Site "Lisbon"]
[Date "2014.12.30"]
[Round "8"]
[White "Cavaleiro, Daniel Felipe Costa"]
[Black "Branco, Joana Catarina Cost"]
[Result "0-1"]
[WhiteElo "1910"]
[BlackElo "1487"]
[PlyCount "84"]
[EventDate "2014.12.26"]
[EventType "swiss"]
[EventRounds "9"]
[EventCountry "POR"]
[SourceTitle "EXT 2018"]
[Source "ChessBase"]
[SourceDate "2017.10.13"]
[SourceVersion "1"]
[SourceVersionDate "2017.10.13"]
[SourceQuality "1"]

1. d4 Nf6 2. c4 g6 3. Nc3 Bg7 4. Nf3 0-0 5. e4 d6 6. Be2 Nbd7 7. 0-0 e5 8. dxe5 Nxe5 9. Nd4 Re8 10. f3 a6 11. Be3 c5 12. Nc2 Be6 13. b3 Qc7 14. Qe1 Rad8 15. Rd1 Qa5 16. Bg5 Rd7 17. Bd2 Nc6 18. Na4 Qc7 19. Bd3 Rdd8 20. Qh4 Nd7 21. Bg5 Rb8 22. Qe1 b5 23. cxb5 axb5 24. Nc3 b4 25. Nb5 Qa5 26. Nxd6 Qxa2 27. Nxe8 Rxe8 28. Na1 Nd4 29. Bc4 Bxc4 30. bxc4 Qxc4 31. Kh1 Ra8 32. Rf2 Ne5 33. Qf1 Qxf1+ 34. Rdxf1 Nec6 35. f4 b3 36. e5 Nb4 37. Nxb3 Nxb3 38. Be7 Nd3 39. Rc2 Rc8 40. g3 Bf8 41. Bxf8 Kxf8 42. Rf3 Ne1 0-1

[Event "Lisbon Christmas op"]
[Site "Lisbon"]
[Date "2014.12.28"]
[Round "4"]
[White "Cavaleiro, Daniel Felipe Costa"]
[Black "Boo Vallejo, Marcos"]
[Result "1/2-1/2"]
[WhiteElo "1910"]
[BlackElo "1704"]
[PlyCount "40"]
[EventDate "2014.12.26"]
[EventType "swiss"]
[EventRounds "9"]
[EventCountry "POR"]
[SourceTitle "EXT 2018"]
[Source "ChessBase"]
[SourceDate "2017.10.13"]
[SourceVersion "1"]
[SourceVersionDate "2017.10.13"]
[SourceQuality "1"]

1. d4 Nf6 2. c4 e6 3. Nc3 Bb4 4. e3 0-0 5. Bd3 d5 6. Nf3 Bd6 7. 0-0 b6 8. cxd5 exd5 9. Nb5 Bg4 10. Nxd6 Qxd6 11. Be2 Nbd7 12. Ne1 Bxe2 13. Qxe2 c5 14. dxc5 bxc5 15. b3 Rac8 16. Ba3 Rfe8 17. Nf3 Ne5 18. Rfd1 Nxf3+ 19. Qxf3 Qe5 20. Rac1 Ne4 1/2-1/2

[Event "Lisbon Christmas op"]
[Site "Lisbon"]
[Date "2014.12.27"]
[Round "2"]
[White "Cavaleiro, Daniel Felipe Costa"]
[Black "Silva, Miguel Antonio Neto"]
[Result "0-1"]
[WhiteElo "1910"]
[BlackElo "2194"]
[PlyCount "52"]
[EventDate "2014.12.26"]
[EventType "swiss"]
[EventRounds "9"]
[EventCountry "POR"]
[SourceTitle "EXT 2018"]
[Source "ChessBase"]
[SourceDate "2017.10.13"]
[SourceVersion "1"]
[SourceVersionDate "2017.10.13"]
[SourceQuality "1"]

1. d4 Nf6 2. c4 e6 3. Nc3 Bb4 4. e3 0-0 5. Bd3 d5 6. cxd5 exd5 7. Nge2 Bd6 8. Qc2 c5 9. dxc5 Bxc5 10. Nb5 Bb4+ 11. Bd2 Nc6 12. Bc3 Bg4 13. Ned4 Qb6 14. 0-0 Bxc3 15. bxc3 Na5 16. a4 a6 17. Na3 Rac8 18. Rfc1 Rc7 19. Rab1 Qc5 20. Qb2 Rfc8 21. Rc2 Bd7 22. Qb4 Ne8 23. c4 Qxb4 24. Rxb4 dxc4 25. Nxc4 Nxc4 26. Bxc4 a5 0-1

[Event "POR-chT"]
[Site "Caldas da Rainha"]
[Date "2014.08.22"]
[Round "8.2"]
[White "Santos, Hugo Lima"]
[Black "Cavaleiro, Daniel Felipe Costa"]
[Result "1-0"]
[WhiteElo "2266"]
[BlackElo "1921"]
[PlyCount "107"]
[EventDate "2014.08.17"]
[EventType "team-tourn"]
[EventRounds "9"]
[EventCountry "POR"]
[SourceTitle "CBM 161 Extra"]
[Source "ChessBase"]
[SourceDate "2014.08.29"]
[SourceVersion "1"]
[SourceVersionDate "2014.08.29"]
[SourceQuality "1"]
[WhiteTeam "TAP"]
[BlackTeam "Montemor o Velho"]
[WhiteTeamCountry "POR"]
[BlackTeamCountry "POR"]

1. e4 e5 2. Nf3 d6 3. Bc4 Be7 4. 0-0 Nf6 5. d3 0-0 6. Re1 c6 7. Nbd2 b5 8. Bb3 Nbd7 9. c3 c5 10. a4 Ba6 11. Nf1 b4 12. Ng3 bxc3 13. bxc3 Rc8 14. Ba2 c4 15. d4 Re8 16. Qc2 Bf8 17. Ba3 Nb8 18. Rad1 Qb6 19. h3 Nc6 20. d5 Na5 21. Bc1 Nd7 22. Be3 Nc5 23. Nd2 Qc7 24. Rf1 Rb8 25. Rb1 Nd3 26. Ne2 Rec8 27. Rxb8 Rxb8 28. Rb1 Rc8 29. Nc1 h6 30. Qd1 Nxc1 31. Qxc1 Rb8 32. Rb4 Rxb4 33. cxb4 c3 34. Nb1 c2 35. Na3 Qc3 36. bxa5 Bd3 37. Bd2 Qd4 38. Nxc2 Qxa4 39. Nb4 Bxe4 40. Bc4 Qxa5 41. Nc6 Qa4 42. Be3 a6 43. Kh2 f5 44. f3 Bc2 45. Nb4 Qxb4 46. Qxc2 a5 47. Bd2 Qc5 48. Bb3 Qb6 49. Ba4 g6 50. Qc3 f4 51. Qc2 Kf7 52. Qe4 Be7 53. Be1 Qc7 54. Bc2 1-0

[Event "POR-chT"]
[Site "Caldas da Rainha"]
[Date "2014.08.19"]
[Round "4.4"]
[White "Pereira, Ruben Miguel Nunes"]
[Black "Cavaleiro, Daniel Felipe Costa"]
[Result "1-0"]
[WhiteElo "2428"]
[BlackElo "1921"]
[PlyCount "71"]
[EventDate "2014.08.17"]
[EventType "team-tourn"]
[EventRounds "9"]
[EventCountry "POR"]
[SourceTitle "CBM 161 Extra"]
[Source "ChessBase"]
[SourceDate "2014.08.29"]
[SourceVersion "1"]
[SourceVersionDate "2014.08.29"]
[SourceQuality "1"]
[WhiteTeam "Gaia"]
[BlackTeam "Montemor o Velho"]
[WhiteTeamCountry "POR"]
[BlackTeamCountry "POR"]

1. e4 e5 2. Nf3 d6 3. Nc3 Nf6 4. g3 Be7 5. Bg2 0-0 6. 0-0 c6 7. h3 b5 8. d3 Nbd7 9. a3 a6 10. Nh4 Re8 11. Kh2 Bb7 12. f4 Bf8 13. Nf5 exf4 14. Bxf4 Ne5 15. d4 Ng6 16. Bg5 c5 17. dxc5 dxc5 18. Nd5 Re6 19. Nh6+ gxh6 20. Bxf6 Qd6 21. Qf3 Bxd5 22. exd5 Ree8 23. h4 Ra7 24. Qg4 h5 25. Qxh5 Bg7 26. Bxg7 Kxg7 27. Rae1 Rxe1 28. Rxe1 Re7 29. Rxe7 Nxe7 30. b4 f5 31. Qg5+ Kf7 32. bxc5 Qxc5 33. Qh6 Nxd5 34. Qxh7+ Kf6 35. Qh8+ Ke6 36. Qg8+ 1-0

[Event "POR-chT Province"]
[Site "Luso"]
[Date "2014.07.20"]
[Round "1.1"]
[White "Cavaleiro, Daniel Felipe Costa"]
[Black "Tieres, Cristiano Rodrigues"]
[Result "1-0"]
[WhiteElo "1907"]
[BlackElo "1822"]
[PlyCount "65"]
[EventDate "2014.07.19"]
[EventType "team"]
[EventRounds "2"]
[EventCountry "POR"]
[SourceTitle "EXT 2015"]
[Source "ChessBase"]
[SourceDate "2014.11.20"]
[SourceVersion "1"]
[SourceVersionDate "2014.11.20"]
[SourceQuality "1"]
[WhiteTeam "Coimbra"]
[BlackTeam "Aveiro"]
[WhiteTeamCountry "POR"]
[BlackTeamCountry "POR"]

1. d4 Nf6 2. c4 g6 3. Nc3 Bg7 4. Nf3 0-0 5. e4 d6 6. Be2 e5 7. d5 a5 8. 0-0 Na6 9. Nd2 h6 10. Nb3 b6 11. Be3 Nh7 12. f4 exf4 13. Bxf4 h5 14. Qd2 Nb8 15. Nd4 Nd7 16. Nc6 Qe8 17. Nb5 Nc5 18. Nxc7 Nxe4 19. Qe3 Qd7 20. Nxa8 Re8 21. Nxb6 Qb7 22. Bd3 Nhf6 23. Nxa5 Qc7 24. Bxe4 Rxe4 25. Qb3 Qc5+ 26. Kh1 Ng4 27. Nxc8 Nf2+ 28. Rxf2 Qxf2 29. Bg3 Qc5 30. Nxd6 Re3 31. Qb8+ Kh7 32. Bf2 Re1+ 33. Bxe1 1-0